| 000 | 00799nam a2200205 a 4500 | ||
|---|---|---|---|
| 003 | 0 | ||
| 005 | 20250322092358.0 | ||
| 008 | 060801s19uu xx 00 eng d | ||
| 050 |
_aPGS HQ 789.A94 _b.G216 2006 |
||
| 100 | _aGarcia, Jeremy Audrick R. | ||
| 245 |
_aThe level of awareness of SISC parents on children's rights / _cJeremy Audrick R. Garcia. |
||
| 260 |
_aLas Piñas City, Philippines : _bSouthville International School and Colleges, _c2006. |
||
| 300 |
_a31 pages : _billustrations ; _c28 cm. |
||
| 504 | _aIncludes bibliographical references. | ||
| 650 |
_aChildren’s rights _vParental awareness. |
||
| 650 |
_aParent and child _vLegal status, laws, etc. |
||
| 650 |
_aChild welfare _vParental responsibility. |
||
| 650 |
_aEducation _vParental involvement. |
||
| 942 |
_2lcc _cPASS |
||
| 999 |
_c97485 _d97485 |
||